000 00983nam a22002417a 4500
999 _c4785
_d4785
003 AR-CdUCM
008 190311b ||||| |||| 00| 0 spa d
040 _aMUNICIPALIDAD PROVINCIAL DEL CUSCO
_cBIBLIOTECA MUNICIPAL DEL CUSCO
041 _heng
082 _a973.0923 /
_bL98
100 _aLyndon Baines, Johnson
_914784
245 _aLa gran sociedad :
_btextos de los mensajes del presidente Johnson al 89 Congreso de Estados Unidos. /
260 _aBuenos Aires :
_bPlaza & Janés,
_c1966.
300 _a430 paginas ;
_bIlustraciones,
_c17 cm.
500 _aTitulo original : President Johnson´s esing for a great society
505 _aLa gran sociedad -- La belleza de los Estados Unidos -- Ayuda a otras naciones y a los hombres libres -- Oficina de control de armamentos ...
650 _aEstados Unidos
_91805
650 _aGran Sociedad
_914785
650 _aHistoria
_9136
700 _aSánhez, Atanasio (Traductor)
_914786
942 _2ddc
_cLIBROS
945 _awnts